Normal view
MARC view
- Aimen Ayyub (00000318275)
Entry Personal Name
001 - CONTROL NUMBER
- control field: 116763
003 - CONTROL NUMBER IDENTIFIER
- control field: NUST
005 - DATE AND TIME OF LATEST TRANSACTION
- control field: 20230912170036.0
008 - FIXED-LENGTH DATA ELEMENTS
- fixed length control field: 230912|| aca||aabn | a|a d
040 ## - CATALOGING SOURCE
- Original cataloging agency: NUST
- Transcribing agency: NUST
100 ## - HEADING--PERSONAL NAME
- Personal name: Aimen Ayyub (00000318275)
670 ## - SOURCE DATA FOUND
- Source citation: Work cat.: (NUST): Aimen Ayyub (00000318275), Investigation of Demand-Side Management Techniques for a Sample Residential Load Profile Improvement in Pakistan /, 2022
